| 000 | 005860000a22001810004500 | ||
|---|---|---|---|
| 003 | MACL | ||
| 005 | 20160604115718.0 | ||
| 008 | 160604b xxu||||| |||| 00| 0 eng d | ||
| 040 |
_aMACL _cMACL |
||
| 041 | _aHindi | ||
| 082 | _a910 | ||
| 100 |
_aवशिष्ठ, सुदर्शन _957810 |
||
| 245 |
_aहिमालय में देव संस्कृति _cसुदर्शन वशिष्ठ |
||
| 260 |
_aदिल्ली _bअरूणा एंड संस _c2011 |
||
| 350 | _a375 | ||
| 650 |
_aTravel _962304 |
||
| 942 |
_cHIN _k910 _2ddc |
||
| 999 |
_c48368 _d48368 |
||